| 000 | 01414nam a22003617a 4500 | ||
|---|---|---|---|
| 003 | CHAP | ||
| 005 | 20220329143526.0 | ||
| 008 | 100407s2009 mx r 00010 spa d | ||
| 010 | _a98006 | ||
| 011 | _a98978 | ||
| 035 | _a109663 | ||
| 040 | _cCHAP | ||
| 090 | _aTesis | ||
| 100 | 1 |
_aPérez Bustos, Malinalli Violeta. _989550 |
|
| 245 | 1 |
_aComercio justo : _buna alternativa estratégica para la exportación de café orgánico a la Unión Europea _c/por Malinalli Violeta Pérez Bustos y Beatriz Romero Muñoz |
|
| 260 |
_aChapingo, Méx. : _bEl autor, _c2009 |
||
| 300 |
_a92 h. : _bgráfs., cuadros |
||
| 502 | _aTesis (Lic. en Comercio Internacional de Productos Agropecuarios) -- UACH. División de Ciencias Económico Administrativas | ||
| 590 |
_aALEPH _b10 _c20130110 _lUCH01 _h1533 |
||
| 590 |
_aBATCH-UPD _b10 _c20130110 _lUCH01 _h0854 |
||
| 590 |
_aBATCH-UPD _b10 _c20130410 _lUCH01 _h0525 |
||
| 590 |
_aBATCH-UPD _b10 _c20130914 _lUCH01 _h0809 |
||
| 590 |
_aCONVERSION _b10 _c20130109 _lUCH01 _h1354 |
||
| 650 | 1 | 4 |
_aCafé orgánico. _917217 |
| 650 | 1 | 4 |
_aCafé _xExportación. _917144 |
| 650 | 1 | 4 |
_aCafé _xMercadeo. _917169 |
| 650 | 1 | 4 |
_aTratados. _9114689 |
| 700 | 1 |
_aRomero Muñoz, Beatriz. _999631 |
|
| 901 | _aBK | ||
| 942 | _cTESIS | ||
| 949 |
_aTesis _bBC _cTES _d33724002116347 _eTS1 _fc.2 _gDonaciØn _h50268 _i109663 _sb |
||
| 949 |
_aTesis _bBC _cTES _d33724002116389 _eTS1 _gDonaciØn _h50267 _i109663 _sb |
||
| 999 |
_c98006 _d98006 |
||